000 01972nam a2200361 c 4500
001 59422
003 CO-BoRNBP
005 20251009152917.0
007 ta
008 250129s2024 ck a|||br||| 000 0psspa d
020 _a9786289661965
040 _aCO-BoRNBP
_bspa
_erda
_cCO-BoRNBP
041 0 _aspa
043 _as-ck---
084 _aP
100 1 _aReyes, Yolanda
_d1959-
_eaut
245 1 0 _aArrullos para dormir ovejas /
_cYolanda Reyes ; ilustradora Manuela Montoya Escobar.
250 _aEdición especial
264 1 _aBogotá, Colombia :
_bCataplum Libros,
_c2024
300 _a30 páginas sin numerar :
_bilustraciones a color
336 _atexto
_btxt
_2rdacontenido
337 _asin mediación
_bn
_2rdamedio
338 _avolumen
_bnc
_2rdasoporte
520 _aEl vaivén de la voz materna es como el ir y venir de los días, de la mecedora, del parpadeo y el sueño. Yolanda Reyes retoma el anhelado momento del arrullo y nos trae unos versos que, como el mar en calma, arropan la playa, la prepara, para la contemplación y el sueño. Arrullos para dormir ovejas reúne tres poemas de la autora: Canción para todas las cunas, El corazón del mar y Cuentas de nunca acabar. Al arte poético de Reyes se suma la pertinencia de estos versos para la primera infancia. Las magníficas ilustraciones de Manu Montoya muestran colores y atmósferas locales y, así como sucede con los poemas, nos llevan a lugares, situaciones e imaginarios propios de los primeros años de la vida
521 _aRecomendado para un público infantil mayor de 3 años
650 0 7 _aCanciones de cuna en la literatura
_2lemb
_963768
650 0 7 _aHora de dormir en la literatura
_2lemb
_965546
650 0 4 _aPoesía infantil colombiana
_ySiglo XX
_2LEMB
_92448
650 0 4 _aLiteratura infantil colombiana
_ySiglo XX
_2LEMB
_9364
700 _aMontoya Escobar, Manuela
_eill
_965547
830 _aPlan Nacional de lectura y escritura leer es mi cuento
942 _2loc
_cBKLITI
999 _c59422
_d59422